| 000 | 01561nam0a22003011 4500 | ||
|---|---|---|---|
| 001 | rc\729347 | ||
| 005 | 20260406184520.0 | ||
| 035 | _a(NLR Aleph) 006260117 | ||
| 090 |
_a6839662 _c6839662 |
||
| 100 | _a20040301d1985 |||y0rusy50 ca | ||
| 101 | 0 | _arus | |
| 102 | _aRU | ||
| 105 | _ay ||||||||| | ||
| 200 | 1 |
_aОсновы научного управления социалистической экономикой _eУчеб. пособие для 2 годич. отд-ний высш. парт. шк. _f[В.И. Сенченко, Р.А. Белоусов, Е.Г. Панченко и др.] _gПод общ. ред. Белоусова Р.А. и др. |
|
| 210 |
_aМ. _cМысль _d1985 |
||
| 215 |
_a365 с. _d21 |
||
| 300 | _aЗагл. корешка: Основы управления экономикой | ||
| 300 | _aАвт. указаны на обороте тит. л. | ||
| 300 | _aВ надзаг.: Акад. обществ. наук при ЦК КПСС, Учеб.-метод. отд. высш. парт. школ | ||
| 517 | 0 | _aОсновы управления экономикой | |
| 701 | 1 |
_aСенченко _bВ.И. _gВладимир Иванович |
|
| 702 | 1 |
_aБелоусов _bР.А. _gРэм Александрович _4340 |
|
| 712 | 0 | 2 |
_aАкадемия общественных наук _cМосква _bУчеб. метод. отдел высших партийных школ _3RU\NLR\AUTH\889949882 _9395495 |
| 801 | 0 |
_aRU _bNLR _gpsbo |
|
| 801 | 1 |
_aRU _bELAR _2rusmarc |
|
| 852 |
_aNLR _j85-3/12824 |
||
| 942 | _cBOOK | ||
| 980 | _aNB | ||